000 00834cam a22002773a 4500
001 10982
003 PGUSA
005 20140828083231.0
008 040201s2004||||xxu|||||s|||||000 1 eng d
040 _aPGUSA
_beng
042 _adc
050 4 _aPQ
100 1 _aFlaubert, Gustave,
_d1821-1880
245 1 0 _aLa tentation de Saint Antoine
_h[electronic resource] /
_cGustave Flaubert
260 _bProject Gutenberg,
_c2004
506 _aPublic domain in the USA.
516 _aElectronic text
653 _aAnthony, of Egypt, Saint, approximately 250-355 or 356 -- Fiction
653 _aBiographical fiction
653 _aEgypt -- Fiction
653 _aChristian fiction
653 _aChristian saints -- Fiction
830 0 _aProject Gutenberg
_v10982
856 4 0 _uhttp://www.gutenberg.org/ebooks/10982
942 _cEB
999 _c240237
_d240237